O. Fisiològica II: pràctiques

Gespeichert in:
Bibliographische Detailangaben
1. Verfasser: Aurora (VerfasserIn)
Format: Buch
Sprache:Katalanisch
Veröffentlicht: Barcelona Universitat Politècnica de Catalunya 2000
Schriftenreihe:E.U.O.O.T
Schlagworte:
Tags: Tag hinzufügen
Keine Tags, Fügen Sie den ersten Tag hinzu!

MARC

LEADER 00000nam a2200000 a 4500
001 UCO4819
003 CL-VaPUC
008 000817e20000000SP |||||||||||||||||cat|d
082 0 4 |a 612.84  |b AUR  |2 21 
100 0 |a Aurora  |e author  |9 449472 
245 1 0 |a O. Fisiològica II: pràctiques 
300 |a Pág. Irreg 
942 |c BK 
945 |d 20000817 00:00:00  |a vberengu 
260 |a Barcelona  |b Universitat Politècnica de Catalunya  |c 2000 
650 7 |a OPTICA FISIOLOGICA  |2 CL-VaPUC  |9 407014 
583 |a last modification  |c 20000817 00:00:00  |k Rodrigo Vera 
490 0 |a E.U.O.O.T 
999 |c 290810  |d 290808